000 00758cab a2200229 4500
001 WB3044-26
008 090401t1994 xxu||||| |||| 00| 0 eng d
035 _a(Sirsi) u10258
041 _aeng
245 _aWhitehall code of ethics
260 _c1994
350 _a0
490 _aIndependent
_v25 November 1994, 5(2)
520 _aA statutory code of ethics for Whitehall, setting out both civil servants` duties and ministers` responsibilities has been called for by the all-party Treasury and Civil Service Select Committee.
650 _aCIVIL SERVICE
650 _aCODE OF ETHICS
650 _aSELECT COMMITTEE
650 _aTREASURY AND CIVIL SERVICE SELECT COMMITTEE
690 _aECONOMIC AND SOCIAL
942 _n0
948 _c04/03/1997
999 _c6449
_d6449